| 000 | 00355nam a2200145Ia 4500 | ||
|---|---|---|---|
| 008 | 230917s9999||||xx |||||||||||||| ||und|| | ||
| 040 |
_e200984 _aMAIN |
||
| 041 | _aEnglish | ||
| 082 | _aB N315K:K | ||
| 100 | _aKalhan, Promila | ||
| 245 | 0 | _aKamala Nehru: Ek atmiya jeevancharit | |
| 260 |
_aDelhi _bVikas _c1974 |
||
| 300 | _avi, 136 p. | ||
| 942 | _cBK | ||
| 999 |
_c167341 _d167341 |
||